Регионална библиотека "Любен Каравелов" - Русе

Белетристът Каравелов (Запис номер 341716)

MARC детайли
000 -Лидер
Контролно поле с фиксирана дължина 01469nam a2200313 c 4500
003 - Код на организацията, давaща контролен номер
Контролно поле BLK
005 - Дата и час на последна редакция
Контролно поле 20240623004114.0
008 - Елементи от данни с фиксирана дължина
fixed length control field 180911b bul|||||r ||||||| ||bul||
040 ## - Източник на каталожния запис
Идентификатор на билиотеката - собственик на записа BLK
041 ## - Код за език
Код за езика на текст/звукозапис или на отделно заглавие Български
Код за езика КДБФ Български
080 ## - УДК
Текстов определител УДК Българска литература(изследвания)
УДК код - определител по УДК 821.163.2.09
УДК - код + определител 821.163.2.09(092)
080 ## - УДК
Текстов определител УДК Български писател, журналист, мислител и революционер
УДК код - определител по УДК 929 Каравелов, Любен Стойчев
УДК - код + определител 929 Каравелов, Любен Стойчев
100 ## - Редна дума - Автор
Автор Конев, Илия Харалампиев
Авторска отговорност първи автор
R(LIN) 244819
139 ## - Редно поле
Редна дума Конев, Илия Харалампиев
245 00 - Сведения за заглавието
Заглавие Белетристът Каравелов
Редно поле (дума) Илия Конев
260 ## - Област на издателските данни
Място на издаване, разпространение и проч. София
Име на издателя, разпространителя и проч. БАН
Година на издаване 1970
300 ## - Физическа характеристика
Страници 164 с
Размери/Мащаб 21 см
380 ## - Жанр
Жанр Литературознание
490 ## - СЕРИИ (Колекции)
Име на серия Частна колекция - Академик Михаил Арнаудов
Бележки за серията Дарение - Основен фонд
500 ## - Общи забележки
Забележка Автограф с текст: На проф. М. Арнаудов с уважение Ил. Конев 30. VІ. 1970 (120000836743)
650 #0 - Допълнително описание по предмет – тема
Основно описание – тема или топоним Българска литература
9 (RLIN) 243597
650 #0 - Допълнително описание по предмет – тема
Основно описание – тема или топоним Писатели, български
9 (RLIN) 241944
653 #7 - Ключова дума – ненормативна
9 (RLIN) 181795
Ключова дума белетристика
852 ## - Местоположение
Форматна сигнатура МА 1993
Фондова буква Фонд "Михаил Арнаудов"
852 ## - Местоположение
Форматна сигнатура Цб 54192
Фондова буква Хранилище
999 ## - СИСТЕМНИ КОНТРОЛНИ НОМЕРА
Koha biblionumber 341716
Koha biblioitemnumber 341716
942 ## - АРТИКУЛИ
Вид на библиотечния материал Книги
Скрит в OPAC Не
Периодичен библиозапис Да
944 ## - СЪЗДАВАНЕ И РЕДАКЦИЯ на ЗАПИСА
Създаване/Редакция Създаване
Дата на регистрацията/редакция 1997
Служител, извършил регистрацията/редакцията
Статус, дата на статуса CRON CRON
944 ## - СЪЗДАВАНЕ И РЕДАКЦИЯ на ЗАПИСА
Създаване/Редакция Редакция
Дата на регистрацията/редакция 2022-07-07
Наличности
Код за отписване Код за изгубен артикул Източник на класификационната схема Код за повреда Коз за рестрикции Код за отдаване Артикулен № Име на библиотеката - собственик Име на библиотеката, в която се намира в момента Статус (Текущо местоположение) Местоположение - отдел Цена в лева Номерация (Хронология) Инвентарен номер Систематично азбучна сигнатура Баркод Номер на екземпляра Цена в евро Служебен тип на артикула Дата на вписване в системата
  Не е изгубен Universal Decimal Classification Не е повреден без рестрикции Специални фондове ( старопечатни, редки и ценни, фонд М. Арнаудов) 741700 Регионална библиотека "Любен Каравелов" Русе Регионална библиотека "Любен Каравелов" Русе Фонд "Михаил Арнаудов" Фонд "Михаил Арнаудов" 1.35   590800 МА 1993 120000590800 1 0.69 Книги  
  Не е изгубен Universal Decimal Classification Не е повреден само за читалня Специални фондове ( старопечатни, редки и ценни, фонд М. Арнаудов) 748028 Регионална библиотека "Любен Каравелов" Русе Регионална библиотека "Любен Каравелов" Русе Фонд "Михаил Арнаудов" Фонд "Михаил Арнаудов" 4.87 Автограф: Илия Конев   МА 1993 120000836743   2.49 Книги 2019-10-22
  Не е изгубен Universal Decimal Classification Не е повреден само за читалня ползва се в читалня 895225 Регионална библиотека "Любен Каравелов" Русе Регионална библиотека "Любен Каравелов" Русе Хранилище Хранилище 1.35   77525 Цб 54192 120000077525   0.69 Книги 2022-07-08
Vip Innovations Ltd, Rousse, Bulgaria 2025